Visualisierungen des Krieges : drei Neuerscheinungen; [Rezension]
Saved in:
| Published in: | Kritische Berichte 34(2006), 1, Seite 92-96 |
|---|---|
| Main Author: | |
| Document Type: | Online Resource Article |
| Language: | German |
| Published: |
2006
|
| Subjects: | |
| Online Access: | kostenfrei kostenfrei |
| Related Items: | In:
Kritische Berichte Rezension von: Bilder des Krieges - Krieg der Bilder Rezension von: Weapons of mass dissemination Rezension von: Shadows of war |
| Author Notes: | Sven Beckstette |
| LEADER | 02716caa a2200529 c 4500 | ||
|---|---|---|---|
| 001 | 1465587969 | ||
| 003 | DE-627 | ||
| 005 | 20260409124644.0 | ||
| 007 | cr cn 008aaaaa | ||
| 008 | 131105s2006 xx |||||oo 00| ||ger c | ||
| 024 | 7 | |a urn:nbn:de:bsz:16-kb-99098 |2 urn | |
| 024 | 7 | |a 10.11588/kb.2006.1.9909 |2 doi | |
| 035 | |a (DE-627)1465587969 | ||
| 035 | |a (DE-576)395587964 | ||
| 035 | |a (DE-599)BSZ395587964 | ||
| 035 | |a (OCoLC)1263327473 | ||
| 040 | |a DE-627 |b ger |c DE-627 |e rakwb | ||
| 041 | |a ger | ||
| 084 | |a 9,10 |2 ssgn | ||
| 100 | 1 | |a Beckstette, Sven |d 1974- |0 (DE-588)129864250 |0 (DE-627)655098291 |0 (DE-576)33935612X |4 aut | |
| 245 | 1 | 0 | |a Visualisierungen des Krieges |b drei Neuerscheinungen; [Rezension] |c Sven Beckstette |
| 264 | 1 | |c 2006 | |
| 300 | |b Ill. | ||
| 336 | |a Text |b txt |2 rdacontent | ||
| 337 | |a Computermedien |b c |2 rdamedia | ||
| 338 | |a Online-Ressource |b cr |2 rdacarrier | ||
| 533 | |a Online-Ausg. |b Heidelberg |c Univ.-Bibl. |d 2013 |e Online-Ressource |7 |2013|||||||||| | ||
| 583 | 1 | |a Archivierung/Langzeitarchivierung gewährleistet |x XA-DE-BW |2 pdager |5 DE-16 | |
| 655 | 7 | |a Rezension |0 (DE-588)4049712-4 |0 (DE-627)106186019 |0 (DE-576)209083166 |2 gnd-content | |
| 689 | 0 | 0 | |d s |0 (DE-588)4033114-3 |0 (DE-627)104360070 |0 (DE-576)209000309 |a Krieg |2 gnd |
| 689 | 0 | 1 | |d s |0 (DE-588)4045895-7 |0 (DE-627)104434880 |0 (DE-576)209067160 |a Fotografie |2 gnd |
| 689 | 0 | |5 (DE-627) | |
| 773 | 0 | 8 | |i In |t Kritische Berichte |d Heidelberg : arthistoricum.net, 1973 |g 34(2006), 1, Seite 92-96 |h Online-Ressource |w (DE-627)751049069 |w (DE-600)2722286-X |w (DE-576)385942125 |x 2197-7410 |7 nnas |
| 773 | 1 | 8 | |g volume:34 |g year:2006 |g number:1 |g pages:92-96 |
| 787 | 0 | 8 | |i Rezension von |a Paul, Gerhard, 1951 - |t Bilder des Krieges - Krieg der Bilder |d Paderborn : Ferdinand Schöningh, 2004 |h 526 Seiten |w (DE-627)387746021 |w (DE-576)111907020 |z 9783506717399 |z 9783770540532 |z 3506717391 |z 3770540530 |
| 787 | 0 | 8 | |i Rezension von |t Weapons of mass dissemination |d Miami Beach, 2003 |h 96 S |w (DE-627)482748850 |w (DE-576)9482748859 |
| 787 | 0 | 8 | |i Rezension von |t Shadows of war |d New York, NY : Abrams, 2004 |h 191 S |w (DE-627)390548014 |w (DE-576)117497231 |z 0810955903 |z 9780810955905 |
| 856 | 4 | 0 | |u http://nbn-resolving.de/urn:nbn:de:bsz:16-kb-99098 |x Verlag |x Resolving-System |z kostenfrei |3 Volltext |7 0 |
| 856 | 4 | 0 | |u http://dx.doi.org/10.11588/kb.2006.1.9909 |x Verlag |x Resolving-System |z kostenfrei |3 Volltext |7 0 |
| 935 | |h SWB |i ld | ||
| 951 | |a AR | ||
| 994 | |u https://ahnp.ub.uni-heidelberg.de/journals/kb/article/view/9909 | ||
| 994 | |u https://ahnp.ub.uni-heidelberg.de/journals/kb/article/view/9909/3774 | ||
| 990 | |a Krieg | ||
| 990 | |a Fotografie | ||
| 991 | |a Rezension (Monographie, Zeitschrift, Aufsatz) | ||
| 999 | |a KXP-PPN1465587969 |e 4020458073 | ||


